00610nam a2200217 a 4500001001300000003000900013005001700022008004100039020002300080082002000103100002100123245006600144260003900210300000900249500003500258505001000293650003000303650002200333650001600355700002100371nice12345678IN_TiNIC20260116012733.0050524s1992 newa grp 000 0 eng  a8185425 c20000a954.035092bMUS aMushirul Hasan,  aIslam and Indian Nationalismb Reflections on Abul Kalam Azad aNew DelhibManohar Publisherc1992 a182p aincludes index and biblioraphy2 aIndex aAbul Kalam Azad-Biography aIndia-Nationalism aIslam-India1 aMushirul Hasan,